| 000 | 00848cam a2200193 4500 | ||
|---|---|---|---|
| 001 | ##L125413 | ||
| 008 | 040315n1994 000 0 eng u | ||
| 020 | _a0195081889 | ||
| 035 | _a(Sirsi) u125413 | ||
| 041 | 0 | _aeng | |
| 050 | 0 | 4 | _a526.982 $2 18 |
| 100 | 1 | _aStephens, G. L. | |
| 245 | 0 | 0 |
_aRemote sensing of the lower atmosphere _ban introduction |
| 260 |
_aOxford _bOxford University Press _c1994 |
||
| 300 |
_axvi, 523p. _c25cm. |
||
| 520 | _aThis introductory text covers: introductory surveys; the nature of electromagnetic radiation; microscopic interactions; macroscopic interactions - optical properties, and particle absorbtion and scattering; passive sensing - extinction and scattering, and emission; and active sensing. | ||
| 690 | _aENVIRONMENTAL AND LAND CONSULTANCY-GEOMATICS-PHOTOGRAMMETRY AND REMOTE SENSING | ||
| 942 | _n0 | ||
| 999 |
_c103382 _d103382 |
||